000 00570nam a22001577a 4500
003 NUST
038 _aNusrat Nadeem
082 _a200
100 _aRashid, Faryal
_9134103
245 _aExploring Institutional Resilience in Disaster Governance: A Case Study of the National Disaster Management Authority (NDMA), Pakistan/
_cFaryal Rashid,
264 _aIslamabad:
_bS3H NUST,
_c2026.
650 _aMS-Development Studies
_9123041
700 _aSupervisor: Dr. Usman Khan
_9112635
856 _u http://10.250.8.41:8080/xmlui/handle/123456789/57554
942 _2ddc
_cSC
999 _c617039
_d617039